1079 1862 1257 1915 1906 1188 1162 1627 1654 1873 1341 1008 1829 1697 1602 1845 1046 1271 1901 1238 1896 1858 1880 1186 1343 1949 1322 1842 1569 1471 1470 1853 1021 1820 1310 1730 1486 1264 1070 1899 1510 1097 1804 1983 1477 1545 1770 1464 1522 1714 1342 1037 1030 1193 1753 1515 1939 1094 1552 1114 1531 1978 1056 1091 1725 1410 1248 1897 1750 1380 1181 1765 1508 1861 1938 1089 1634 1769 1508 1269 1666 1301 1127 1193 1286 1380 1469 1587 1004 1037 1422 1410 1193 1747 1040 1935 1695 1620 1433 BCNSPRNW ULIB Ver.6.0+V

เปลี่ยนเป็นภาษาไทย

Change to English
 แสดงรายละเอียดบรรณานุกรม
  กลับหน้าหลัก

Brief Record : Get Marc (ISO 2709) : E-mail record : QR code < ปิดหน้าต่าง
LEADER : 00000nam 2200000uu 4500
001    13399111042
003     ULIB
008    110615s2543||||th 000 0 tha d
020    9745717495
050  4 BF128.T35^bจ342จ 2543
245 00 จิตวิทยาทั่วไป /^cคณะผู้เขียน, จิราภา เต็งไตรรัตน์ ...[และคนอื่นๆ]
250    พิมพ์ครั้งที่ 2
260    กรุงเทพฯ :^bภาควิชาจิตวิทยา คณะศิลปศาสตร์มหาวิทยาลัยธรรมศาสตร์,^c2543
300    353 หน้า :^bภาพประกอบ ;^c26 ซม.
650  7 การปรับตัว
650  7 จิตวิทยา
650  7 บุคลิกภาพ
650  7 อารมณ์^xจิตวิทยา
700 0  จิราภา เต็งไตรรัตน์
710 2  มหาวิทยาลัยธรรมศาสตร์. ^bคณะศิลปศาสตร์. ^bภาควิชาจิตวิทยา
945    ^p280^l0^i014678
945    ^p280^l0^i014677
945    ^p280^l0^i014679
995    ทศพร
999 ^a ใช้งานได้ทุกระบบ
รายการนี้ยังไม่มีแท็ก
คุณยังไม่ได้ล็อกอิน คุณสามารถมีกิจกรรมร่วมกับเว็บไซต์ได้ แต่ต้องล็อกอินก่อน ::
  ล็อกอิน

รายการสื่อสารสนเทศ

ลำดับที่ ประเภท เลขเรียก/บาร์โค้ด สถานที่ สถานะ
- ไม่พบข้อมูล -

รายการใกล้เคียง
    หัวเรื่อง [การปรับตัว]
    หัวเรื่อง [จิตวิทยา]
    หัวเรื่อง [บุคลิกภาพ]

BibComment


ยังไม่เคยถูกคอมเมนท์

คอมเมนท์ทรัพยากรรายการนี้
  คอมเมนท์: จิตวิทยาทั่วไป ค..


 Copyright 2026. Bcnsprnw @Library